<?xml version="1.0" encoding="UTF-8"?>
<record
    xmlns:xsi="http://www.w3.org/2001/XMLSchema-instance"
    xsi:schemaLocation="http://www.loc.gov/MARC21/slim http://www.loc.gov/standards/marcxml/schema/MARC21slim.xsd"
    xmlns="http://www.loc.gov/MARC21/slim">

  <leader>00197nam a2200085   4500</leader>
  <controlfield tag="001">1258729</controlfield>
  <controlfield tag="005">20260326103718.0</controlfield>
  <datafield tag="245" ind1=" " ind2=" ">
    <subfield code="a">&#x130;NSAN NEYLE YA&#x15E;AR?</subfield>
    <subfield code="c">L.N. TOLSTOY</subfield>
  </datafield>
  <datafield tag="260" ind1=" " ind2=" ">
    <subfield code="b">&#x130;&#x15E; BANKASI K&#xDC;LT&#xDC;R</subfield>
  </datafield>
  <datafield tag="999" ind1=" " ind2=" ">
    <subfield code="c">1258729</subfield>
    <subfield code="d">1258729</subfield>
  </datafield>
  <datafield tag="952" ind1=" " ind2=" ">
    <subfield code="0">0</subfield>
    <subfield code="1">0</subfield>
    <subfield code="2">ddc</subfield>
    <subfield code="4">0</subfield>
    <subfield code="7">0</subfield>
    <subfield code="a">1006</subfield>
    <subfield code="b">1006</subfield>
    <subfield code="d">2026-03-26</subfield>
    <subfield code="l">1</subfield>
    <subfield code="p">1006300347</subfield>
    <subfield code="q">2026-04-17</subfield>
    <subfield code="r">2026-04-02 12:08:42</subfield>
    <subfield code="s">2026-04-02</subfield>
    <subfield code="w">2026-03-26</subfield>
    <subfield code="y">BK</subfield>
  </datafield>
</record>
